| 000 | 00390cam a2200169 4500 | ||
|---|---|---|---|
| 001 | D13136 | ||
| 008 | 090401t1961 xxu||||| |||| 00| 0 eng d | ||
| 035 | _a(Sirsi) u7902 | ||
| 041 | _aeng | ||
| 100 | _aKeeble, Lewis | ||
| 245 | _aTown planning at the crossroads | ||
| 260 |
_aLondon _bEstates Gazette _c1961 |
||
| 350 | _a0 | ||
| 520 | _aShelf 117 | ||
| 942 | _n0 | ||
| 948 | _c04/03/1997 | ||
| 999 |
_c86456 _d86456 |
||